1235 1487 1434 1143 1684 1445 1976 1786 1372 1521 1118 1764 1867 1632 1421 1970 1190 1110 1041 1525 1278 1523 1849 1543 1967 1653 1822 1945 1901 1049 1898 1980 1475 1713 1344 1241 1208 1876 1072 1278 1482 1123 1348 1994 1645 1572 1060 1630 1641 1051 1581 1607 1056 1848 1901 1167 1057 1687 1359 1655 1722 1546 1779 1317 1519 1405 1661 1890 1494 1847 1863 1777 1304 1325 1143 1667 1208 1648 1388 1406 1333 1006 1823 1713 1633 1711 1573 1415 1952 1540 1722 1960 1419 1917 1572 1715 1133 1901 1618 BCNSPRNW ULIB Ver.6.0+V

เปลี่ยนเป็นภาษาไทย

Change to English
 แสดงรายละเอียดบรรณานุกรม
  กลับหน้าหลัก

Brief Record : Get Marc (ISO 2709) : E-mail record : QR code < ปิดหน้าต่าง
LEADER : 00000nam 2200000uu 4500
001    13399124287
003     ULIB
008    150218s2557||||th 000 0 tha d
020    ^a9786162794995
060    ^aWY152.5^bห459
100    ^aสุนันท์ สุดดี,^eบรรณาธิการ
245    ^aหัตถการทางหัวใจและหลอดเลือดกับการพยาบาล.=^bCardiac Nursing Procedures/^cบรรณาธิการ : สุนันท์ สุดดี,เสาวนีย์ เนาวพาณิช,ศรินรัตน์ ศรีประสงค์ และ วันเพ็ญ ภิญโญภาสกุล
250    ^aพิมพ์ครั้งที่ 1
260    ^aกรุงเทพฯ :^bงานการพยาบาลอายุรศาสตร์และจิตเวชศาสตร์ ฝ่ายการพยาบาล และสาขาหทัยวิทยา ภาควิชาอายุรศาสตร์ คณะแพทยศาสตร์ศิริราชพยาบาล,^c2557
300    ^a174 หน้า;^b21 ซม.
650    ^aระบบหัวใจและหลอดเลือด^xพยาบาล
700    ^aเสาวนีย์ เนาวพาณิช,^eบรรณาธิกา
700    ^aศรินรัตน์ ศรีประสงค์,^eบรรณาธิการ
700    ^aวันเพ็ญ ภิญโญภาสกุล,^eบรรณาธิการ
710    ^aคณะแพทยศาสตร์ศิริราชพยาบาล^bภาควิชาอายุรศาสตร์ ^bฝ่ายการพยาบาล และสาขาหทัยวิทยา^bงานการพยาบาลอายุรศาสตร์และจิตเวชศาสตร์
945    ^p220^l0^i22854
945    ^p220^l0^i22855
945    ^p220^l0^i22856
945    ^p220^l0^i23170
945    ^p220^l0^i23169
945    ^p220^l0^i23168
945    ^p220^l0^i23167
945    ^p220^l0^i23166
999    ^aทศพร เกษรทอง
รายการนี้ยังไม่มีแท็ก
คุณยังไม่ได้ล็อกอิน คุณสามารถมีกิจกรรมร่วมกับเว็บไซต์ได้ แต่ต้องล็อกอินก่อน ::
  ล็อกอิน

รายการสื่อสารสนเทศ

ลำดับที่ ประเภท เลขเรียก/บาร์โค้ด สถานที่ สถานะ
1. วิทยาศาสตร์การแพทย์ และสุขภาพ
หนังสือสำรอง
สถานะ=หนังสือสำรอง
WY152.5 ห459 ฉ.1 
  Barcode: 22854
ห้องสมุดวิทยาเขตนครสวรรค์
►ส่วนจัดเก็บหนังสือเก่า นว.
บนชั้น
  ขอยืม
2. วิทยาศาสตร์การแพทย์ และสุขภาพ
วิทยาศาสตร์การแพทย์ และสุขภาพ
WY152.5 ห459 ฉ.2 
  Barcode: 22855
ห้องสมุดวิทยาเขตนครสวรรค์
►ส่วนจัดเก็บหนังสือเก่า นว.
บนชั้น
  ขอยืม
3. วิทยาศาสตร์การแพทย์ และสุขภาพ
วิทยาศาสตร์การแพทย์ และสุขภาพ
WY152.5 ห459 ฉ.3 
  Barcode: 22856
ห้องสมุดวิทยาเขตนครสวรรค์
►ส่วนจัดเก็บหนังสือเก่า นว.
บนชั้น
  ขอยืม
4. วิทยาศาสตร์การแพทย์ และสุขภาพ
วิทยาศาสตร์การแพทย์ และสุขภาพ
WY152.5 ห459 ฉ.4 
  Barcode: 23166
ห้องสมุดวิทยาเขตนครสวรรค์
►ส่วนจัดเก็บหนังสือเก่า นว.
บนชั้น
  ขอยืม
5. วิทยาศาสตร์การแพทย์ และสุขภาพ
วิทยาศาสตร์การแพทย์ และสุขภาพ
WY152.5 ห459 ฉ.5 
  Barcode: 23167
ห้องสมุดวิทยาเขตนครสวรรค์
►ส่วนจัดเก็บหนังสือเก่า นว.
บนชั้น
  ขอยืม
6. วิทยาศาสตร์การแพทย์ และสุขภาพ
วิทยาศาสตร์การแพทย์ และสุขภาพ
WY152.5 ห459 ฉ.6 
  Barcode: 23168
ห้องสมุดวิทยาเขตนครสวรรค์
►ส่วนจัดเก็บหนังสือเก่า นว.
บนชั้น
  ขอยืม
7. วิทยาศาสตร์การแพทย์ และสุขภาพ
วิทยาศาสตร์การแพทย์ และสุขภาพ
WY152.5 ห459 ฉ.7 
  Barcode: 23169
ห้องสมุดวิทยาเขตนครสวรรค์
►ส่วนจัดเก็บหนังสือเก่า นว.
บนชั้น
  ขอยืม
8. วิทยาศาสตร์การแพทย์ และสุขภาพ
วิทยาศาสตร์การแพทย์ และสุขภาพ
WY152.5 ห459 ฉ.8 
  Barcode: 23170
ห้องสมุดวิทยาเขตนครสวรรค์
►ส่วนจัดเก็บหนังสือเก่า นว.
บนชั้น
  ขอยืม

BibComment


ยังไม่เคยถูกคอมเมนท์

คอมเมนท์ทรัพยากรรายการนี้
  คอมเมนท์: หัตถการทางหัวใจแ..


 Copyright 2026. Bcnsprnw @Library